[Event "Haringey Masters"]
[Site "London, Muswell Hill"]
[Date "1989.07.19"]
[Round "7"]
[White "Karolyi, Tibor Jr"]
[Black "Shrentzel, Mordechai"]
[Result "0-1"]
[WhiteElo "2430"]
[BlackElo "2325"]
[PlyCount "110"]
[EventDate "1989.07.11"]
[EventType "schev"]
[EventRounds "9"]
[EventCountry "ENG"]
[SourceTitle "BritBase"]
[Source "John Saunders"]
[SourceDate "2025.08.03"]
[SourceVersion "1"]
[SourceVersionDate "2025.08.03"]
[SourceQuality "1"]

1. d4 Nf6 2. c4 e6 3. Nc3 Bb4 4. f3 d5 5. a3 Bxc3+ 6. bxc3 c5 7. cxd5 exd5 8. e3 O-O 9. Bd3 b6 10. Ne2 Ba6 11. O-O Re8 12. Ng3 Bxd3 13. Qxd3 Nc6 14. Ra2 Qd7 15. Re2 Rad8 16. Bb2 b5 17. Nf5 Ne7 18. Nxe7+ Qxe7 19. Rfe1 c4 20. Qc2 a5 21. e4 dxe4 22. fxe4 b4 23. Qa4 bxa3 24. Bxa3 Qb7 25. Qxa5 Ra8 26. Qb4 Qa6 27. Bc1 Reb8 28. Qc5 Rb3 29. Bd2 Rc8 30. Qf5 Qb7 31. e5 Nd5 32. e6 Rf8 33. Rf1 f6 34. Rfe1 Re8 35. h4 Ne7 36. Qh5 g6 37. Qg4 Rb5 38. Rf2 Kg7 39. Ref1 Ng8 40. Bg5 f5 41. Qe2 Qd5 42. e7 Rb7 43. Re1 Nf6 44. h5 Ne4 45. h6+ Kg8 46. Qf3 Rd7 47. Bh4 Rd6 48. Rxe4 Qxe4 49. Qxe4 fxe4 50. Re2 Rd5 51. Rxe4 Kf7 52. Rg4 Rh5 53. Kf2 Rf5+ 54. Ke3 g5 55. Bxg5 Rg8 0-1

[Event "Haringey Masters"]
[Site "London, Muswell Hill"]
[Date "1989.07.19"]
[Round "7"]
[White "Kool, Gerard J"]
[Black "Dunnington, Angus J"]
[Result "0-1"]
[WhiteElo "2260"]
[BlackElo "2380"]
[PlyCount "122"]
[EventDate "1989.07.11"]
[EventType "schev"]
[EventRounds "9"]
[EventCountry "ENG"]
[SourceTitle "BritBase"]
[Source "John Saunders"]
[SourceDate "2025.08.03"]
[SourceVersion "1"]
[SourceVersionDate "2025.08.03"]
[SourceQuality "1"]

1. Nf3 Nf6 2. g3 d5 3. Bg2 c6 4. b3 Bf5 5. Bb2 h6 6. O-O e6 7. c4 Be7 8. d3 O-O 9. Nc3 Bh7 10. Rc1 Nbd7 11. d4 Re8 12. e3 Qa5 13. Nd2 Bf8 14. a3 Qa6 15. Re1 Rad8 16. Bf1 Qb6 17. b4 a6 18. Na4 Qa7 19. cxd5 exd5 20. Nc5 Nxc5 21. bxc5 Qb8 22. Bg2 Qc8 23. Bc3 Bf5 24. f3 Rd7 25. Nf1 Rde7 26. Re2 h5 27. Be1 g6 28. Bf2 Bg7 29. Rc3 Qd8 30. Rb2 Nh7 31. h3 Bc8 32. g4 hxg4 33. hxg4 Ng5 34. Bh4 Bf6 35. Bf2 Ne6 36. Rcb3 Ng7 37. Bg3 Ne6 38. Bd6 Rd7 39. Qd3 Ng7 40. f4 Ne6 41. Bh3 b5 42. g5 Bg7 43. Nh2 Rxd6 44. cxd6 c5 45. Bxe6 c4 46. Qd2 Bxe6 47. Rb4 Bf8 48. a4 Bxd6 49. axb5 Bxb4 50. Rxb4 axb5 51. Rxb5 Qa8 52. Qa5 Qxa5 53. Rxa5 Rb8 54. Rc5 Rb2 55. e4 dxe4 56. d5 Bh3 57. Rxc4 Rg2+ 58. Kh1 Rd2 59. Kg1 e3 60. Nf3 Rg2+ 61. Kh1 Rf2 0-1

[Event "Haringey Masters"]
[Site "London, Muswell Hill"]
[Date "1989.07.19"]
[Round "7"]
[White "Pein, Malcolm"]
[Black "Mortazavi, Ali"]
[Result "1-0"]
[WhiteElo "2385"]
[BlackElo "2325"]
[PlyCount "109"]
[EventDate "1989.07.11"]
[EventType "schev"]
[EventRounds "9"]
[EventCountry "ENG"]
[SourceTitle "BritBase"]
[Source "John Saunders"]
[SourceDate "2025.08.03"]
[SourceVersion "1"]
[SourceVersionDate "2025.08.03"]
[SourceQuality "1"]

1. e4 c5 2. Nf3 Nf6 3. d3 d6 4. g3 e6 5. Bg2 Be7 6. O-O Nc6 7. Re1 O-O 8. c3 Bd7 9. Nbd2 Qc7 10. a3 Ne5 11. Qe2 Rad8 12. b3 b5 13. Bb2 Nxf3+ 14. Bxf3 e5 15. Nf1 Be6 16. c4 bxc4 17. bxc4 Rb8 18. Bc3 Nd7 19. Bg4 Nb6 20. a4 Qd7 21. Bxe6 fxe6 22. Qd1 Bg5 23. a5 Nc8 24. h4 Bh6 25. Nh2 g6 26. h5 gxh5 27. Qxh5 Bg7 28. Rab1 Ne7 29. Nf3 Nc6 30. Kg2 Qf7 31. Qxf7+ Rxf7 32. Rxb8+ Nxb8 33. Rb1 Na6 34. Bd2 Bf6 35. Ne1 Nb4 36. Bxb4 Rb7 37. Nc2 Bd8 38. a6 Rb8 39. Rb2 cxb4 40. Rxb4 Bb6 41. Rb1 Rc8 42. Rb2 Kf7 43. Na3 Ke7 44. Nb5 Kd7 45. f4 exf4 46. gxf4 d5 47. cxd5 exd5 48. e5 Ke6 49. d4 Rc4 50. f5+ Kd7 51. Re2 Bxd4 52. e6+ Ke7 53. Nxd4 Rxd4 54. f6+ Ke8 55. Rb2 1-0

[Event "Haringey Masters"]
[Site "London, Muswell Hill"]
[Date "1989.07.19"]
[Round "7"]
[White "Watson, William N"]
[Black "Matulovic, Milan"]
[Result "1/2-1/2"]
[WhiteElo "2495"]
[BlackElo "2425"]
[PlyCount "81"]
[EventDate "1989.07.11"]
[EventType "schev"]
[EventRounds "9"]
[EventCountry "ENG"]
[SourceTitle "BritBase"]
[Source "John Saunders"]
[SourceDate "2025.08.03"]
[SourceVersion "1"]
[SourceVersionDate "2025.08.03"]
[SourceQuality "1"]

1. e4 c5 2. Nf3 Nc6 3. d4 cxd4 4. Nxd4 Qc7 5. Nc3 e6 6. g3 a6 7. Bg2 d6 8. O-O Be7 9. Re1 Bd7 10. Nxc6 Bxc6 11. Qg4 h5 12. Qe2 b5 13. a3 Rc8 14. Bf4 Nf6 15. Rad1 h4 16. Rd3 e5 17. Bg5 hxg3 18. hxg3 Nd7 19. Be3 Kf8 20. Nd5 Bxd5 21. Rxd5 Nb6 22. Rd3 Na4 23. b3 Nc5 24. Rc3 Qb7 25. Rd1 g6 26. Bxc5 dxc5 27. Rcd3 Kg7 28. Rd7 Rc7 29. R7d5 c4 30. b4 Bf6 31. c3 Rcc8 32. Rd7 Rc7 33. R7d6 Rc6 34. R6d5 Rcc8 35. Qg4 Rcd8 36. Rd7 Rxd7 37. Rxd7 Qb6 38. Qd1 Rd8 39. Bh3 Kf8 40. Rxd8+ Bxd8 41. Qd2 1/2-1/2

[Event "Haringey Masters"]
[Site "London, Muswell Hill"]
[Date "1989.07.20"]
[Round "8"]
[White "Dunnington, Angus J"]
[Black "Pein, Malcolm"]
[Result "0-1"]
[WhiteElo "2380"]
[BlackElo "2385"]
[PlyCount "98"]
[EventDate "1989.07.11"]
[EventType "schev"]
[EventRounds "9"]
[EventCountry "ENG"]
[SourceTitle "BritBase"]
[Source "John Saunders"]
[SourceDate "2025.08.03"]
[SourceVersion "1"]
[SourceVersionDate "2025.08.03"]
[SourceQuality "1"]

1. Nf3 f5 2. g3 Nf6 3. Bg2 g6 4. O-O Bg7 5. c4 d6 6. Nc3 O-O 7. d3 Nc6 8. Rb1 a5 9. a3 Nh5 10. Bd2 f4 11. b4 axb4 12. axb4 e5 13. b5 Ne7 14. Qb3 Kh8 15. c5 d5 16. e3 Bg4 17. exf4 exf4 18. Ne2 Nf5 19. Nxf4 Bxf3 20. Bxf3 Nxf4 21. gxf4 c6 22. bxc6 bxc6 23. Bg2 Nd4 24. Qd1 Ne6 25. Qg4 Rf5 26. Rfe1 Nxc5 27. Qg3 Ra3 28. Re3 d4 29. Rf3 Ra2 30. Be1 Na4 31. Bh3 Nc3 32. Bxc3 dxc3 33. Bxf5 c2 34. Rc1 Ra1 35. Rxa1 Bxa1 36. Be4 c1=Q+ 37. Kg2 Bg7 38. f5 Qcg5 39. Qxg5 Qxg5+ 40. Rg3 Qh4 41. Rh3 Qg5+ 42. Rg3 Qf4 43. fxg6 hxg6 44. Bxc6 Bd4 45. Rf3 Qg5+ 46. Rg3 Qf6 47. Bf3 Ba7 48. Be4 Qxf2+ 49. Kh3 Qf1+ 0-1

[Event "Haringey Masters"]
[Site "London, Muswell Hill"]
[Date "1989.07.20"]
[Round "8"]
[White "Dutreeuw, Marc"]
[Black "Kool, Gerard J"]
[Result "1-0"]
[WhiteElo "2400"]
[BlackElo "2260"]
[PlyCount "75"]
[EventDate "1989.07.11"]
[EventType "schev"]
[EventRounds "9"]
[EventCountry "ENG"]
[SourceTitle "BritBase"]
[Source "John Saunders"]
[SourceDate "2025.08.03"]
[SourceVersion "1"]
[SourceVersionDate "2025.08.03"]
[SourceQuality "1"]

1. e4 e6 2. d4 d5 3. Nc3 Nf6 4. e5 Nfd7 5. Nce2 c5 6. c3 Nc6 7. f4 Ne7 8. h4 h5 9. Ng3 g6 10. Nf3 cxd4 11. cxd4 b5 12. Bd3 a6 13. O-O Nb6 14. b3 Bd7 15. Qe2 Nc6 16. Bb2 Be7 17. Ng5 Nb4 18. Bb1 Kf8 19. a3 Nc6 20. Bd3 Kg7 21. Rf2 f5 22. exf6+ Bxf6 23. Qe3 Nc8 24. Re1 Nd6 25. Rc1 Na5 26. Nxe6+ Bxe6 27. Qxe6 Nxb3 28. Rc6 Nc4 29. Bxc4 bxc4 30. Rd6 Qe7 31. Rd7 Rhe8 32. Qxd5 Rad8 33. Rxe7+ Rxe7 34. Qxc4 Nxd4 35. Kf1 Rde8 36. Rd2 Re1+ 37. Kf2 Bxh4 38. Qxd4+ 1-0

[Event "Haringey Masters"]
[Site "London, Muswell Hill"]
[Date "1989.07.20"]
[Round "8"]
[White "Hodgson, Julian M"]
[Black "Iclicki, Willy"]
[Result "1-0"]
[WhiteElo "2535"]
[BlackElo "2255"]
[PlyCount "59"]
[EventDate "1989.07.11"]
[EventType "schev"]
[EventRounds "9"]
[EventCountry "ENG"]
[SourceTitle "BritBase"]
[Source "John Saunders"]
[SourceDate "2025.08.03"]
[SourceVersion "1"]
[SourceVersionDate "2025.08.03"]
[SourceQuality "1"]

1. e4 c6 2. d4 d5 3. f3 e6 4. Nc3 Nf6 5. e5 Nfd7 6. f4 c5 7. Nf3 Nc6 8. Be3 cxd4 9. Nxd4 Bc5 10. Qd2 a6 11. O-O-O Bxd4 12. Bxd4 O-O 13. h4 b5 14. h5 h6 15. g4 b4 16. Na4 Nxd4 17. Qxd4 Qc7 18. Bd3 a5 19. g5 Ba6 20. Bxa6 Rxa6 21. gxh6 gxh6 22. Rhg1+ Kh8 23. Qe3 Raa8 24. f5 Kh7 25. fxe6 Nxe5 26. Rxd5 f6 27. Rg6 Nxg6 28. Rd7+ Qxd7 29. hxg6+ Kxg6 30. exd7 1-0

[Event "Haringey Masters"]
[Site "London, Muswell Hill"]
[Date "1989.07.20"]
[Round "8"]
[White "Matulovic, Milan"]
[Black "Karolyi, Tibor Jr"]
[Result "1/2-1/2"]
[WhiteElo "2425"]
[BlackElo "2430"]
[PlyCount "28"]
[EventDate "1989.07.11"]
[EventType "schev"]
[EventRounds "9"]
[EventCountry "ENG"]
[SourceTitle "BritBase"]
[Source "John Saunders"]
[SourceDate "2025.08.03"]
[SourceVersion "1"]
[SourceVersionDate "2025.08.03"]
[SourceQuality "1"]

1. e4 Nf6 2. e5 Nd5 3. d4 d6 4. Nf3 Nb6 5. Be2 g6 6. exd6 cxd6 7. O-O Bg7 8. c4 O-O 9. Nc3 Bg4 10. b3 Nc6 11. Be3 d5 12. c5 Nc8 13. h3 Bxf3 14. Bxf3 e6 1/2-1/2

[Event "Haringey Masters"]
[Site "London, Muswell Hill"]
[Date "1989.07.20"]
[Round "8"]
[White "Mortazavi, Ali"]
[Black "Conquest, Stuart C"]
[Result "1/2-1/2"]
[WhiteElo "2325"]
[BlackElo "2515"]
[PlyCount "56"]
[EventDate "1989.07.11"]
[EventType "schev"]
[EventRounds "9"]
[EventCountry "ENG"]
[SourceTitle "BritBase"]
[Source "John Saunders"]
[SourceDate "2025.08.03"]
[SourceVersion "1"]
[SourceVersionDate "2025.08.03"]
[SourceQuality "1"]

1. d4 Nf6 2. Nc3 d5 3. Bg5 Nbd7 4. Nf3 h6 5. Bh4 g6 6. Qd3 Bg7 7. e4 dxe4 8. Nxe4 O-O 9. O-O-O c6 10. Kb1 a5 11. g4 Qb6 12. Rg1 Rd8 13. g5 Nxe4 14. Qxe4 Nc5 15. Qxe7 Be6 16. Bc4 Bxc4 17. gxh6 Na4 18. Qa3 Bxh6 19. Qxa4 Qb4 20. Qxb4 axb4 21. b3 Be2 22. Bxd8 Rxd8 23. Ne5 Bxd1 24. Rxd1 Bf4 25. Nf3 Re8 26. Ne5 Rd8 27. Nf3 Re8 28. Ne5 Rd8 1/2-1/2

[Event "Haringey Masters"]
[Site "London, Muswell Hill"]
[Date "1989.07.20"]
[Round "8"]
[White "Pergericht, Daniel"]
[Black "Elyoseph, Harel"]
[Result "0-1"]
[WhiteElo "2325"]
[BlackElo "2320"]
[PlyCount "104"]
[EventDate "1989.07.11"]
[EventType "schev"]
[EventRounds "9"]
[EventCountry "ENG"]
[SourceTitle "BritBase"]
[Source "John Saunders"]
[SourceDate "2025.08.03"]
[SourceVersion "1"]
[SourceVersionDate "2025.08.03"]
[SourceQuality "1"]

1. d4 Nf6 2. c4 e6 3. g3 d5 4. Nf3 c5 5. cxd5 exd5 6. Bg2 Nc6 7. Nc3 Be7 8. O-O O-O 9. Bg5 Be6 10. dxc5 Bxc5 11. Qa4 h6 12. Bh4 Be7 13. Rfd1 Qb6 14. Bxf6 Bxf6 15. Nxd5 Bxd5 16. Rxd5 Qxb2 17. Re1 Qb4 18. Qxb4 Nxb4 19. Rb5 Nxa2 20. Rxb7 a5 21. Nh4 Nc3 22. e4 a4 23. e5 Bxh4 24. gxh4 Rab8 25. Ra7 Rfd8 26. f4 Rd2 27. f5 Ne2+ 28. Kh1 Rb5 29. e6 fxe6 30. fxe6 Re5 31. e7 Ng3+ 32. hxg3 Rxe1+ 33. Kh2 Kf7 34. Kh3 Rxe7 35. Rxa4 Re3 36. h5 Rdd3 37. Ra7+ Re7 38. Ra5 Ree3 39. Ra7+ Kf6 40. Ra6+ Re6 41. Ra4 Re5 42. Kh4 Rg5 43. g4 Re5 44. Be4 Rc3 45. Ra6+ Re6 46. Ra4 Rd6 47. Ra2 Ke5 48. Bg6 Rd1 49. Rh2 Kf4 50. Bf5 Rf1 51. Be6 Re3 52. Bd5 Rg3 0-1

[Event "Haringey Masters"]
[Site "London, Muswell Hill"]
[Date "1989.07.20"]
[Round "8"]
[White "Polaczek, Richard"]
[Black "Martin, Andrew D"]
[Result "1/2-1/2"]
[WhiteElo "2400"]
[BlackElo "2425"]
[PlyCount "28"]
[EventDate "1989.07.11"]
[EventType "schev"]
[EventRounds "9"]
[EventCountry "ENG"]
[SourceTitle "BritBase"]
[Source "John Saunders"]
[SourceDate "2025.08.03"]
[SourceVersion "1"]
[SourceVersionDate "2025.08.03"]
[SourceQuality "1"]

1. e4 g6 2. d4 Bg7 3. Nf3 d6 4. Nc3 a6 5. a4 Bg4 6. Be2 Nc6 7. Be3 e5 8. dxe5 dxe5 9. Nd5 Nf6 10. Bg5 Bxf3 11. Bxf3 h6 12. Nxf6+ Bxf6 13. Qxd8+ Bxd8 14. Be3 Bg5 1/2-1/2

[Event "Haringey Masters"]
[Site "London, Muswell Hill"]
[Date "1989.07.20"]
[Round "8"]
[White "Rajkovic, Dusan"]
[Black "Watson, William N"]
[Result "1/2-1/2"]
[WhiteElo "2465"]
[BlackElo "2495"]
[PlyCount "20"]
[EventDate "1989.07.11"]
[EventType "schev"]
[EventRounds "9"]
[EventCountry "ENG"]
[SourceTitle "BritBase"]
[Source "John Saunders"]
[SourceDate "2025.08.03"]
[SourceVersion "1"]
[SourceVersionDate "2025.08.03"]
[SourceQuality "1"]

1. d4 Nf6 2. c4 g6 3. Nc3 Bg7 4. e4 d6 5. Bg5 h6 6. Be3 O-O 7. f3 e5 8. d5 c6 9. Qd2 cxd5 10. cxd5 h5 1/2-1/2

[Event "Haringey Masters"]
[Site "London, Muswell Hill"]
[Date "1989.07.21"]
[Round "9"]
[White "Adams, Michael"]
[Black "Matulovic, Milan"]
[Result "1/2-1/2"]
[WhiteElo "2505"]
[BlackElo "2425"]
[PlyCount "23"]
[EventDate "1989.07.11"]
[EventType "schev"]
[EventRounds "9"]
[EventCountry "ENG"]
[SourceTitle "BritBase"]
[Source "John Saunders"]
[SourceDate "2025.08.03"]
[SourceVersion "1"]
[SourceVersionDate "2025.08.03"]
[SourceQuality "1"]

1. e4 c5 2. Nf3 Nc6 3. d4 cxd4 4. Nxd4 Qc7 5. Nc3 e6 6. g3 a6 7. Bg2 Nf6 8. O-O Be7 9. Re1 Nxd4 10. Qxd4 Bc5 11. Qd1 d6 12. Be3 {"Michael Adams yesterday qualified as Britain’s youngest chess grandmaster at the age of 17. Adams, from Truro, Cornwall, needed to draw his final game in the Iclicki Chess Tournament at Muswell Hill, north London with the Yugoslav grandmaster Milan Matulovic to become the third youngest grandmaster in history after Bobby Fischer and Gary Kasparov, the world champion. The desired result was achieved after 30 minutes and 12 moves, when Matulovic, playing black and employing the Sicilian defence, offered a draw. Adams accepted, smiled shyly and declared: "When the fuss dies down I'm sure I'll be very pleased"... Chess experts were predicting last night that Adams could be among the top 10 in the world within four years. He was taught the basics of the game at the age of seven by his father. Mr William Adams, headmaster of a primary school in Falmouth, but not himself a player at that time, noticed that his young son, who had a fascination for all things military, wanted a chess set because it had knights in it. He began to learn the game seriously at a chess club in Falmouth and by the age of 11 he had become Cornish county champion. His career took off when he became British Under-11 champion with a remarkable 100 per cent score. He has never looked back and has taken the Cornish county championship every year he has chosen to enter. Since passing 10 GCSE examinations at Truro school, last year he has become virtually a full-time player, though he is undecided whether to go fully professional or return to study for A levels at his school, where he is regarded as academically competent but not brilliant... (The Times, 22 April 1989)} 1/2-1/2

[Event "Haringey Masters"]
[Site "London, Muswell Hill"]
[Date "1989.07.21"]
[Round "9"]
[White "Conquest, Stuart C"]
[Black "Dunnington, Angus J"]
[Result "1-0"]
[WhiteElo "2515"]
[BlackElo "2380"]
[PlyCount "77"]
[EventDate "1989.07.11"]
[EventType "schev"]
[EventRounds "9"]
[EventCountry "ENG"]
[SourceTitle "BritBase"]
[Source "John Saunders"]
[SourceDate "2025.08.03"]
[SourceVersion "1"]
[SourceVersionDate "2025.08.03"]
[SourceQuality "1"]

1. e4 Nf6 2. e5 Nd5 3. d4 d6 4. Nf3 Nb6 5. Bf4 g6 6. Be2 Bg7 7. O-O O-O 8. Nbd2 Nc6 9. c3 dxe5 10. dxe5 Be6 11. Bb5 Qd5 12. Qe2 a6 13. c4 Qd7 14. Bxc6 Qxc6 15. b3 Rad8 16. Qe3 Bg4 17. h3 Bxf3 18. Nxf3 Nd7 19. Rad1 Nc5 20. Bg3 a5 21. Rfe1 Rxd1 22. Rxd1 a4 23. Rd5 b6 24. b4 Na6 25. Qc3 Qe8 26. a3 c6 27. Rd1 Qc8 28. Qc2 b5 29. cxb5 cxb5 30. Qxc8 Rxc8 31. Rd5 Rc3 32. e6 Bf6 33. Rxb5 Rxa3 34. Rb6 Rb3 35. Rxa6 Rxb4 36. Kh2 fxe6 37. Ne5 Re4 38. Nd7 Bb2 39. Nc5 1-0

[Event "Haringey Masters"]
[Site "London, Muswell Hill"]
[Date "1989.07.21"]
[Round "9"]
[White "Iclicki, Willy"]
[Black "Pergericht, Daniel"]
[Result "1/2-1/2"]
[WhiteElo "2255"]
[BlackElo "2325"]
[PlyCount "22"]
[EventDate "1989.07.11"]
[EventType "schev"]
[EventRounds "9"]
[EventCountry "ENG"]
[SourceTitle "BritBase"]
[Source "John Saunders"]
[SourceDate "2025.08.03"]
[SourceVersion "1"]
[SourceVersionDate "2025.08.03"]
[SourceQuality "1"]

1. d4 Nf6 2. c4 d6 3. Nc3 c6 4. e4 Nbd7 5. Nf3 e5 6. Be2 Be7 7. O-O O-O 8. Be3 Ng4 9. Bd2 Ngf6 10. Be3 Ng4 11. Bd2 Ngf6 1/2-1/2

[Event "Haringey Masters"]
[Site "London, Muswell Hill"]
[Date "1989.07.21"]
[Round "9"]
[White "Pein, Malcolm"]
[Black "Dutreeuw, Marc"]
[Result "1-0"]
[WhiteElo "2385"]
[BlackElo "2400"]
[PlyCount "69"]
[EventDate "1989.07.11"]
[EventType "schev"]
[EventRounds "9"]
[EventCountry "ENG"]
[SourceTitle "BritBase"]
[Source "John Saunders"]
[SourceDate "2025.08.03"]
[SourceVersion "1"]
[SourceVersionDate "2025.08.03"]
[SourceQuality "1"]

1. d4 d5 2. c4 e6 3. Nc3 Be7 4. Nf3 Nf6 5. Bg5 h6 6. Bxf6 Bxf6 7. Qb3 c6 8. e3 O-O 9. O-O-O Nd7 10. h4 h5 11. Ng5 g6 12. f4 dxc4 13. Bxc4 c5 14. d5 exd5 15. Nxd5 a6 16. g4 b5 17. Nxf6+ Qxf6 18. Bd5 Ra7 19. gxh5 c4 20. Qc2 Nc5 21. Qxg6+ Qxg6 22. hxg6 Nd3+ 23. Rxd3 cxd3 24. gxf7+ Kh8 25. Kd2 Bb7 26. Bxb7 Rxb7 27. Kxd3 Re7 28. h5 Rd8+ 29. Ke2 Rc8 30. h6 Rec7 31. Kf3 Re7 32. Rc1 Rb8 33. Rc6 b4 34. Rg6 a5 35. Rg7 1-0

[Event "Haringey Masters"]
[Site "London, Muswell Hill"]
[Date "1989.07.21"]
[Round "9"]
[White "Watson, William N"]
[Black "Mortazavi, Ali"]
[Result "1-0"]
[WhiteElo "2495"]
[BlackElo "2325"]
[PlyCount "51"]
[EventDate "1989.07.11"]
[EventType "schev"]
[EventRounds "9"]
[EventCountry "ENG"]
[SourceTitle "BritBase"]
[Source "John Saunders"]
[SourceDate "2025.08.03"]
[SourceVersion "1"]
[SourceVersionDate "2025.08.03"]
[SourceQuality "1"]

1. e4 e6 2. d4 d5 3. Nc3 Bb4 4. e5 Ne7 5. a3 Bxc3+ 6. bxc3 c5 7. Qg4 Nbc6 8. Qxg7 Rg8 9. Qxh7 cxd4 10. Nf3 Qc7 11. Bf4 Bd7 12. Qd3 dxc3 13. Qxc3 O-O-O 14. Bd3 d4 15. Qc5 b6 16. Qc4 f5 17. Bg5 Rxg5 18. Nxg5 Qxe5+ 19. Kf1 Qf6 20. h4 Kb8 21. Re1 e5 22. Qf7 Qd6 23. h5 e4 24. h6 exd3 25. cxd3 Qxa3 26. Rh3 1-0